000 01285nam0a22003251 4500
001 RU\INFOCOMM_322\NLR\5000253968
005 20250614080252.0
035 _a(NLR Aleph) 010597709
090 _a10525896
_c10525896
100 _a20130321d1989 |||y0rusy50 ca
101 0 _ager
102 _aRU
105 _ay z||||
200 1 _aRaumfahrt und Kommerz
_f[Полетаев Дмитрий Юрьевич, Сергеюк Андрей Павлович]
210 _a[Москва
_cИзд-во Агентства печати "Новости"
_d1989]
215 _a[43] с.
_cил., цв. ил., портр., карт.
_d16х22 см
300 _aНа обороте тит. л.: Космос и коммерция
300 _aАвт. указаны в вып. дан.
686 _aО6
_2rubbk
686 _aЭ11(0)20
_2rubbk
686 _aˆ[‰У43(0)]
_2rubbk
700 1 _9z01790
_aPoletaev
_bD. J.
_gDmitrij Jur'evič
701 1 _9z02790
_aSergejuk
_bA. P.
_gAndrej Pavlovič
790 1 _9z01700
_aПолетаев
_bД. Ю.
_gДмитрий Юрьевич
_4070
790 1 _9z02701
_aСергеюк
_bА. П.
_gАндрей Павлович
_4070
801 1 _aRU
_bInfocomm
_c20130321
801 0 _aRU
_bINFOCOMM
_gPSBO
852 _aNLR
_jТ93 Д-6/49
942 _cBOOK
980 _aNB